000 01171cam a22003494a 4500
999 _c2280
_d2280
003 OSt
005 20210708054555.0
008 100412s2010 nyu b 001 0 eng
020 _a9780307591746
020 _a9780307591746
040 _cDLC
042 _apcc
050 0 0 _aRT42
_b.C32 2010
060 0 0 _a2010 N-038
060 1 0 _aWY 16.1
_bC2707y 2010
100 1 _aCardillo, Donna Wilk.
245 1 0 _aYour first year as a nurse :
_bmaking the transition from total novice to successful professional /
_cDonna Wilk Cardillo.
250 _a2nd ed.
260 _aNew York :
_bThree Rivers Press,
_cc2010.
300 _axiv, 281 p. ;
_c24 cm.
504 _aIncludes bibliographical references (p. [249]-271) and index.
650 0 _aNursing
_xVocational guidance.
650 0 _aNursing
_xPhilosophy.
650 1 2 _aNursing.
650 2 2 _aNurse's Role.
650 2 2 _aProfessional Competence.
650 2 2 _aVocational Guidance.
906 _a7
_bcbc
_corignew
_d1
_eecip
_f20
_gy-gencatlg
942 _2lcc
_cBK
_nDO